000 00751nam a22002657a 4500
001 26423
003 UA-OsUOA
005 20220404213952.0
007 ta
008 20040527b un ||||| |||| 00| 0 ukr d
040 _aUA-OsUOA
_bukr
_cUA-OsUOA
_dUA-OsUOA
041 _aukr
044 _aUA
080 _a94(477)094
090 _a94(477)094
_bМ64
100 _aМірчук П.
245 _aНариси історії організації українських націоналістів: 1920–1939
_cП. Мірчук
260 _aЛьвів
_c2003
300 _a642 с.
505 _gТ. 1
650 7 _2UDC
_a94 Історія
942 _cBK
_2udc
955 _a2
999 _c312746
_d312746